书目信息 |
| 题名: |
雅思词汇3+1速记胜经
|
|
| 作者: | 韦晓亮 编著 | |
| 分册: | 听力 | |
| 出版信息: | 北京 机械工业出版社 2019.07 |
|
| 页数: | 228页 | |
| 开本: | 21cm | |
| 丛书名: | ||
| 单 册: | ||
| 中图分类: | H313.1 , H319.9 | |
| 科图分类: | ||
| 主题词: | 英语--ying yu--词汇--水平考试--自学参考资料 , 英语--ying yu--听力--水平考试--自学参考资料 | |
| 电子资源: | ||
| ISBN: | 978-7-111-61830-0 | |
| 000 | 01123nam 2200313 450 | |
| 001 | 202020141252 | |
| 005 | 20200926181358.0 | |
| 010 | @a978-7-111-61830-0@dCNY36.80 | |
| 100 | @a20200919d2019 em y0chiy50 ea | |
| 101 | 0 | @achi@aeng |
| 102 | @aCN@b110000 | |
| 105 | @ay z 000yy | |
| 106 | @ar | |
| 200 | 1 | @a雅思词汇3+1速记胜经@Aya si ci hui 3+1 su ji sheng jing@i听力@d= IELTS@iListening vocabulary@f韦晓亮编著@zeng |
| 210 | @a北京@c机械工业出版社@d2019.07 | |
| 215 | @a228页@d21cm | |
| 300 | @a智课云学习 | |
| 314 | @a韦晓亮, 智课教育联合创始人, 董事长兼CEO。 | |
| 330 | @a本书精选雅思听力考试重点词汇, 按照基础、强化、专项三个维度进行讲解, 附有剑4至剑13真题及雅思机经最新预测内容。全书分为基础篇、强化篇、专项篇三个部分。 | |
| 510 | 1 | @aIELTS@iListening vocabulary@zeng |
| 517 | 1 | @a听力@Ating li |
| 606 | 0 | @a英语@Aying yu@x词汇@x水平考试@j自学参考资料 |
| 606 | 0 | @a英语@Aying yu@x听力@x水平考试@j自学参考资料 |
| 610 | 0 | @aIELTS |
| 690 | @aH313.1@v5 | |
| 690 | @aH319.9@v5 | |
| 701 | 0 | @a韦晓亮@Awei xiao liang@4编著 |
| 801 | 0 | @aCN@c20190917 |
| 905 | @a河南城建学院图书馆@dH313.1@eW523 | |
| 雅思词汇3+1速记胜经.听力= IELTS.Listening vocabulary/韦晓亮编著.-北京:机械工业出版社,2019.07 |
| 228页;21cm |
| 智课云学习 |
| ISBN 978-7-111-61830-0:CNY36.80 |
| 本书精选雅思听力考试重点词汇, 按照基础、强化、专项三个维度进行讲解, 附有剑4至剑13真题及雅思机经最新预测内容。全书分为基础篇、强化篇、专项篇三个部分。 |
| ● |
| 相关链接 |
|
|
|
正题名:雅思词汇3+1速记胜经
索取号:H313.1/W523
 
预约/预借
| 序号 | 登录号 | 条形码 | 馆藏地/架位号 | 状态 | 备注 |
| 1 | 1491442 | 214914422 | 语言库209/209语言库 33排2列4层/ [索取号:H313.1/W523] | 在馆 | |
| 2 | 1491443 | 214914431 | 语言库209/209语言库 33排2列4层/ [索取号:H313.1/W523] | 在馆 | |
| 3 | 1491444 | 214914440 | 语言库209/209语言库 33排2列4层/ [索取号:H313.1/W523] | 在馆 |